000 00655cam a2200241 i 4500
999 _c6956
_d6956
001 2248908
003 OSt
005 20190121195312.0
008 771213s1978 ilu 000 1 eng
010 _a 77027611
020 _a0802441815 :
_c$1.95
040 _aDLC
_cDLC
_dDLC
050 0 0 _aPZ4.L6664
_bIs
_aPS3562.E9226
082 0 0 _a813.54
_bZ86i
100 1 _aLevitt, Zola.
245 1 3 _aAn Israeli love story /
_cZola Levitt.
260 _aChicago :
_bMoody Press,
_cc1978.
300 _a190 p. ;
_c18 cm.
651 0 _aIsrael
_xFiction.
655 7 _aLove stories.
_2gsafd
906 _a7
_bcbc
_corignew
_d1
_eocip
_f19
_gy-gencatlg
942 _2ddc
_cBK